V TANAPe by mal byť čo najskôr funkčný zelený les za sedem rokov ŠL Tanapu obnovili 3 200 ha poškodeného územia

Bibliographic Details
Format: Article
Language:Slovak
Subjects:

MARC

LEADER 00000nab a2200000 ar4500
001 vtls010353205
003 SK-MaSNL
005 20260303203719.0
008 180907c2012 xo wr|p|||||||000 b|slo
015 |a SNBRB2008  |2 pppk 
038 |a PPPK 
040 |a PPPKCL  |b slo  |c PPPKCL  |e AACR2 
041 0 |a slo 
044 |a xo  |c SK 
080 |a 630.1  |x (437.6-17)  |2 2001 
080 |a 630.23  |x (437.6-17)  |2 2001 
245 0 0 |a V TANAPe by mal byť čo najskôr funkčný zelený les  |b za sedem rokov ŠL Tanapu obnovili 3 200 ha poškodeného územia  |c [autor] (lba) 
610 2 7 |a Štátne lesy Tatranského národného parku (Slovensko)  |2 pppkcl 
650 0 7 |a lesy  |2 pppkcl  |9 1437 
650 0 7 |a obnova lesa  |2 pppkcl  |9 100062 
651 7 |a Vysoké Tatry (Poľsko a Slovensko : pohorie)  |2 SNKPHgeo  |9 67729 
651 7 |a Tatranský národný park (Slovensko)  |2 pppkcl  |9 106968 
773 0 |t Podtatranský kuriér  |g Roč. II, č. 13 (2012), s. 14 
852 |a PPPK  |b KIS3GCP 
999 |c 2186794  |d 2188724